000 00903nam a22002297a 4500
005 20250728164146.0
008 250728b |||||||| |||| 00| 0 eng d
020 _a978-81-223-1667-4 (hbk)
037 _cTB
040 _aCRL
_cCRL
041 _2hin
_ahin
084 _aQ41x1,1 152Q9
_qCRL
100 _aसिंघल, रंजना रानी
_9816719
245 _aपुनर्जन्म मीमांसा
260 _aनई दिल्ली, भारत:
_bपुस्तक महल,
_c2019.
300 _a211पृ.
365 _b250.00
_cINR
650 _aधर्म
_9816720
650 _aबोद्ध धर्म
_9816721
942 _2CC
_cTB
_hQ41x1,1 152Q9
_n0
999 _c1434346
_d1434346